Polytechniciens célèbres - Statistiques

Statistiques générales
  • Ce quiz a été pris 43 fois
  • Le résultat moyen est 10 sur 21
Statistiques - réponses
Indice Polytechnicien % Correct
X1981, Première ministre sous E. Macron Elizabeth Borne
92%
X1969, PDG du groupe LVMH Bernard Arnault
90%
X1944, Président de la République 1974 à 1981 Valéry Giscard d'Estaing
82%
X1878, Officier français accusé à tort de haute trahison en 1894 Alfred Dreyfus
79%
X1873, Mathématicien et physicien, créateur de la topologie Henri Poincaré
67%
X1871, Maréchal de France Ferdinand Foch
62%
X1946, Industriel ayant fondé une entreprise d'aéronautique à son nom Serge Dassault
56%
X1872, Découvreur de la radioactivité, prix Nobel de physique 1903 Henri Becquerel
54%
X1869, Maréchal de France Joseph Joffre
51%
X1798, Mathématicien et géomètre, une loi de probabilité est à son nom Siméon Poisson
41%
X1981, Ingénieur créateur du bilan carbone Jean-Marc Jancovici
38%
X1805, Mathématicien, l'un des plus prolifiques de l'histoire, les problèmes différentiels portent parfois son nom Augustin Cauchy
36%
X1797, Physicien et chimiste, connu pour sa "détente" Joseph Gay-Lussac
36%
X1829, Tué sur les barricades lors de la révolution de juillet Louis Vaneau
36%
X1812, Physicien qui énonça les deux premiers principes de la thermodynamique Sadi Carnot
36%
X1803, Physicien et astronome François Arago
31%
X1890, Président de la République de 1932 à 1940 Albert Lebrun
26%
X1972, Première femme à majorer le classement d'entrée Anne Chopinet
18%
X1814, Philosophe, renvoyé avec sa promotion en 1816 pour indiscipline Auguste Comte
15%
X1873, Maréchal de France Émile Fayolle
15%
X1867, Maréchal de France à titre posthume, défenseur de Paris pendant la bataille de la Marne. Michel Joseph Maunoury
15%
Aucun quiz correspondant
Distribution des résultats
% des personnes avec chaque résultat
Percentile par nombre de réponses
Votre historique - résultats
Vous n’avez pas pris ce quiz